| 000 | 00000nam 2200000za 4500 |
| 001 | 9.830871 |
| 003 | CaOODSP |
| 005 | 20221107145626 |
| 007 | cr ||||||||||| |
| 008 | 170119s2016 onc #o f001 0 eng d |
| 040 | |aCaOODSP|beng |
| 043 | |an-cn--- |
| 086 | 1 |aRv4-69/2016E-PDF |
| 245 | 00|aRetirement compensation arrangements guide, 2016 |h[electronic resource]. |
| 260 | |a[Ottawa] : |bCanada Revenue Agency, |c2016. |
| 300 | |a27 p. |
| 500 | |aIssued also in French under title: Guide des conventions de retraite, 2016. |
| 520 | |a"This guide is for you if one of the following applies: ■ You are an employer and you make contributions to a custodian for a retirement compensation arrangement (RCA). For an explanation of RCAs see page 4. ■ You are a custodian of an RCA trust who: – receives contributions from an employee or employer for an RCA; – files a T3-RCA tax return for an RCA trust; or – makes distributions out of an RCA trust to a beneficiary. ■ You buy an interest in an RCA." -- Is this guide for you? p. 2. |
| 692 | 07|2gccst|aIncome tax |
| 692 | 07|2gccst|aPersonal finance |
| 692 | 07|2gccst|aRetirement |
| 692 | 07|2gccst|aHandbooks |
| 710 | 2 |aCanada Revenue Agency. |
| 775 | 08|tGuide des conventions de retraite, 2016 |w(CaOODSP)9.830873 |
| 856 | 40|qPDF|s224 KB|uhttps://publications.gc.ca/collections/collection_2017/arc-cra/Rv4-69-2016-eng.pdf |
| 986 | |aT4041(E) Rev. 16 |